Na pomoc spotřebitelským radám v prodejnách potravin /

Hlavní autor: Svoboda, Josef
Jazyk: Čeština
Vydáno: Praha : Vydavatelství obchodu, 1965
Vydání: 1. vyd.
Edice: Knižnice předpisů vnitřního obchodu
Externí odkaz: Digitalizovaný dokument
Fyzický popis: 117 s.
Knihy
Uloženo v:
LEADER 01012nam a22002772a 4500
001 000955454
003 CZ BrMZK
005 20091109151600.0
007 ta
008 090715s1965 xr er|||||||||||cze d
015 |a cnb000483014 
035 |a (OCoLC)42090991 
040 |a BOA001  |b cze 
100 1 |a Svoboda, Josef  |7 jx20040817020  |4 aut 
245 1 0 |a Na pomoc spotřebitelským radám v prodejnách potravin /  |c Josef Svoboda 
250 |a 1. vyd. 
260 |a Praha :  |b Vydavatelství obchodu,  |c 1965 
300 |a 117 s. 
490 1 |a Knižnice předpisů vnitřního obchodu ;  |v sv. 18 
500 |a Dostupné též v digitální podobě v aplikaci Kramerius 
830 0 |a Knižnice předpisů vnitřního obchodu 
856 4 1 |u http://www.digitalniknihovna.cz/mzk/uuid/uuid:9ef9afd0-46fb-11e9-936e-005056827e52  |y Digitalizovaný dokument  |x NDK 
910 |a BOA001  |b 1-0539.351 
990 |a BK 
991 |b 200907 
996 6 |b 2619461875  |c 1-0539.351  |l MZK  |r Sklad / do 1 hodiny  |n 0  |w 001087557  |u 000010  |a 1  |e BOA001  |j MZK50  |s P